الكود المصري لتصميم وتنفيذ المنشآت الخرسانية : (Record no. 23929)
[ view plain ]
| 000 -الفاتح | |
|---|---|
| حقل البيانات ثابتة الطول | 01712nam a22002895a 4500 |
| 003 - محدد رقم الضبط | |
| رقم الضبط | EG-ScBUE |
| 005 - وقت وتاريخ اخر تعامل مع التسجيلة | |
| رقم الضبط | 20221127124328.0 |
| 008 - عناصر البيانات ثابتة الطول - معلومات عامة | |
| حقل البيانات ثابتة الطول | 170114s2015 ua a fr 000 0 ara d |
| 040 ## - مصدر الفهرسة | |
| وكالة الفهرسة الأصلية | EG-ScBUE |
| لغة الفهرسة | ara |
| قواعد الوصف | rda |
| وكالة النسخ | EG-ScBUE |
| وكالة التعديل | EG-ScBUE |
| 043 ## - رمز المنطقة الجغرافية | |
| رمز المنطقة الجغرافية | f-ua--- |
| 082 04 - رقم تصنيف ديوى العشرى | |
| رقم التصنيف | 624.18340962 |
| رقم المادة | ك و د |
| رقم الطبعة | 22 |
| 110 1# - المدخل الرئيسى - إسم هيئة | |
| اسم الهيئة أو اسم السلطة كمدخل | مصر. |
| وحده ملحقة | وزارة الإسكان والمرافق والمجتمعات العمرانية. |
| -- | المركز القومي لبحوث الإسكان والبناء، |
| الدور | مؤلف. |
| 245 12 - بيان العنوان | |
| العنوان | الكود المصري لتصميم وتنفيذ المنشآت الخرسانية : |
| بقية العنوان | كود رقم 203 / |
| بيان المسئوليه,etc | المركز القومي لبحوث الإسكان والبناء، وزارة الإسكان والمرافق والمجتمعات العمرانية ؛ اللجنة الدائمة للإعداد الكود المصري. |
| 264 #1 - النشر، التوزيع | |
| مكان الناشر او الموزع | القاهرة : |
| اسم الناشر او الموزع | وزارة الإسكان والمرافق والمجتمعات العمرانية، المركز القومي لبحوث الإسكان والبناء، |
| تاريخ النشر أو التوزيع | 2015. |
| 300 ## - الوصف المادى | |
| التعداد | 3 مجلدات : |
| تفاصيل ماديه اخرى للوعاء | إيضاحيات ؛ |
| أبعاد الوعاء | 28 سم |
| 500 ## - تبصرة عامة | |
| تبصرة عامة | إصدار 2004، إصدار 2001. |
| 505 1# - تبصرة محتويات-الفهرس | |
| تبصرة المحتويات المصاغة | مج. 2. دليل التفاصيل الإنشائية -- مج. 3. دليل الاختبارات المعملية لمواد الخرسانة. |
| 541 ## - تبصرة المصدر المباشر للتزويد | |
| مصدر التزويد | Book from store. |
| 650 #7 - المدخل الاضافى بالموضوع-مصطلح موضوعى | |
| مصطلح موضوعي أو اسم جغرافي كعنصر مدخل | هندسة الإنشاءات |
| التقسيم الفرعي الجغرافي | مصر. |
| مصدر الرأس أو المصطلح | BUEsh |
| 650 #7 - المدخل الاضافى بالموضوع-مصطلح موضوعى | |
| مصطلح موضوعي أو اسم جغرافي كعنصر مدخل | الخرسانة المسلحة |
| التقسيم الفرعي الجغرافي | مصر. |
| مصدر الرأس أو المصطلح | BUEsh |
| 650 #7 - المدخل الاضافى بالموضوع-مصطلح موضوعى | |
| مصطلح موضوعي أو اسم جغرافي كعنصر مدخل | المنشآت الخرسانية |
| التقسيم الفرعي الجغرافي | مصر. |
| مصدر الرأس أو المصطلح | BUEsh |
| 651 ## - المدخل الاضافى بالموضوع - اسم جغرافى | |
| مصدر الرأس أو المصطلح | BUEsh |
| 653 ## - مصطلح تكشيفى غير مقيد | |
| Resource For college | Engineering, Architecture |
| Arrived date list | January2017 |
| 655 ## - مصطلح تكشيفى-نوع/شكل | |
| التقسيم الفرعي الشكلي | Reading book |
| 710 2# - المدخل الاضافى - اسم هيئه | |
| اسم الهيئة أو اسم السلطة كمدخل | اللجنة الدائمة للإعداد الكود المصري، |
| الدور | مؤلف. |
| 942 ## - عناصر المدخل الإضافي( كوها) | |
| مصدر التصنيف او مخطط الترفيف | Dewey Decimal Classification |
| حالة التراجع | حالة الفقد | مصدر التصنيف او خطة الترفيف | حالة تلف | ليس للاعارة | المكان الدائم | المكان الحالي | موقع الترفيف | تاريخ الاكتساب | Source of acquisition | سعر الشراء الطبيعي | تعداد مسلسل / التسلسل الزمني | رقم الاستدعاء | الباركود | Date last seen | التكلفة | نوع الوعاء | تبصرة عامة | مجموعات كوها |
|---|---|---|---|---|---|---|---|---|---|---|---|---|---|---|---|---|---|---|
| Dewey Decimal Classification | Central Library | Central Library | First floor | 15/01/2017 | Purchase | 30.00 | 6125 | 624.18340962 ك و د | 000040949 | 15/07/2025 | 37.50 | NB - Book (Non borrowing) | مج. 2 | |||||
| Dewey Decimal Classification | Central Library | Central Library | First floor | 15/01/2017 | Purchase | 60.00 | 6125 | 624.18340962 ك و د | 000040950 | 15/07/2025 | 75.00 | NB - Book (Non borrowing) | مج. 3 | |||||
| Dewey Decimal Classification | Central Library | Central Library | First floor | 27/11/2022 | Donation | 624.18340962 ك و د | 000056547 | 15/07/2025 | NB - Book (Non borrowing) | Donation-Gift | ||||||||
| Dewey Decimal Classification | Central Library | Central Library | First floor | 27/11/2022 | Donation | 624.18340962 ك و د | 000056550 | 15/07/2025 | NB - Book (Non borrowing) | Donation-Gift | ||||||||
| Dewey Decimal Classification | Central Library | Central Library | First floor | 27/11/2022 | Donation | 624.18340962 ك و د | 000056549 | 15/07/2025 | NB - Book (Non borrowing) | Donation-Gift |